Определение индексов каузальности вход-выходных нелинейных динамических систем; Научный вестник НГТУ; № 3 (56)

গ্রন্থ-পঞ্জীর বিবরন
Parent link:Научный вестник НГТУ: [сборник статей]/ Новосибирский государственный технический университет.— , 1998-
№ 3 (56).— 2014.— С. 5-11.
প্রধান লেখক: Малышенко А. М. Александр Максимович
ভাষা:রুশ
প্রকাশিত: 2014
বিষয়গুলি:
বিন্যাস: গ্রন্থের অধ্যায়
KOHA link:https://koha.lib.tpu.ru/cgi-bin/koha/opac-detail.pl?biblionumber=290529

MARC

LEADER 00000naa2a2200000 4500
001 290529
005 20231219105540.0
035 |a (RuTPU)RU\TPU\book\315080 
035 |a RU\TPU\tpu\25867 
090 |a 290529 
100 |a 20150407d2014 k y0rusy50 ca 
101 0 |a rus 
102 |a RU 
200 1 |a Определение индексов каузальности вход-выходных нелинейных динамических систем   |f А. М. Малышенко 
461 1 |0 (RuTPU)RU\TPU\book\44599  |t Научный вестник НГТУ  |o [сборник статей]  |f Новосибирский государственный технический университет  |d 1998-  
463 1 |0 (RuTPU)RU\TPU\book\301213  |x 1814-1196  |t № 3 (56)  |f гл. ред. Н. В. Пустовой  |v С. 5-11.  |d 2014  |p 200 с. 
610 1 |a труды учёных ТПУ 
700 1 |a Малышенко  |b А. М.  |c специалист в области информатики и вычислительной техники  |c профессор Томского политехнического университета, доктор технических наук  |c член-корреспондент Академии электротехнических наук РФ  |c действительный член Международной академии наук высшей школы  |f 1937-  |g Александр Максимович  |3 (RuTPU)RU\TPU\pers\21983  |9 9294 
801 1 |a RU  |b 63413507  |c 20141015 
801 2 |a RU  |b 63413507  |c 20150407  |g RCR 
942 |c BK